000 00284nam a22001337a 4500
008 180920b xxu||||| |||| 00| 0 eng d
020 _a9780896762282
041 _aeng
080 _a658
100 _a53
101 _aMEN
245 _aStage Management
_cDilker,B
942 _2udc
_cBK
999 _c48096
_d48096